Hans Holländer: Die Disparates und Die Giganten : Goyas Phantasiestücke; [Rezension]

Gespeichert in:
Bibliographische Detailangaben
Veröffentlicht in:Kritische Berichte 24(1996), 3, Seite 100-104
VerfasserIn: Reuter, Anna (VerfasserIn)
Dokumenttyp: Online-Ressource Aufsatz
Sprache:German
Veröffentlicht: 1996
Schlagwörter:
Online Zugang:kostenfrei
kostenfrei
Bibliogr. Hinweis:In: Kritische Berichte
Rezension von: Die Disparates und Die Giganten
Verantwortlich:Anna Reuter
LEADER 02813caa a2200517 c 4500
001 1468388967
003 DE-627
005 20260310102654.0
007 cr cn 008aaaaa
008 131206s1996 xx |||||oo 00| ||ger c
024 7 |a urn:nbn:de:bsz:16-kb-109106  |2 urn 
024 7 |a 10.11588/kb.1996.3.10910  |2 doi 
035 |a (DE-627)1468388967 
035 |a (DE-576)398388962 
035 |a (DE-599)BSZ398388962 
035 |a (OCoLC)1263330066 
040 |a DE-627  |b ger  |c DE-627  |e rakwb 
041 |a ger 
084 |a 9,10  |2 ssgn 
100 1 |a Reuter, Anna  |0 (DE-588)129509000  |0 (DE-627)525832432  |0 (DE-576)297696823  |4 aut 
245 1 0 |a Hans Holländer: Die Disparates und Die Giganten  |b Goyas Phantasiestücke; [Rezension]  |c Anna Reuter 
264 1 |c 1996 
336 |a Text  |b txt  |2 rdacontent 
337 |a Computermedien  |b c  |2 rdamedia 
338 |a Online-Ressource  |b cr  |2 rdacarrier 
533 |a Online-Ausg.  |b Heidelberg  |c Univ.-Bibl.  |d 2013  |e Online-Ressource  |7 |2013|||||||||| 
583 1 |a Archivierung/Langzeitarchivierung gewährleistet  |x XA-DE-BW  |2 pdager  |5 DE-16 
655 7 |a Rezension  |0 (DE-588)4049712-4  |0 (DE-627)106186019  |0 (DE-576)209083166  |2 gnd-content 
689 0 0 |d u  |0 (DE-588)4392547-9  |0 (DE-627)190278234  |0 (DE-576)211958980  |a Goya y Lucientes, Francisco José de  |d 1746-1828  |t Disparates  |2 gnd 
689 0 1 |d u  |0 (DE-588)4392552-2  |0 (DE-627)190278285  |0 (DE-576)211959030  |a Goya y Lucientes, Francisco José de  |d 1746-1828  |t Der Koloss  |2 gnd 
689 0 2 |d u  |0 (DE-588)4392549-2  |0 (DE-627)190278250  |0 (DE-576)211959006  |a Goya y Lucientes, Francisco José de  |d 1746-1828  |t Der sitzende Koloss  |2 gnd 
689 0 |5 (DE-627) 
773 0 8 |i In  |t Kritische Berichte  |d Heidelberg : arthistoricum.net, 1973  |g 24(1996), 3, Seite 100-104  |h Online-Ressource  |w (DE-627)751049069  |w (DE-600)2722286-X  |w (DE-576)385942125  |x 2197-7410  |7 nnas 
773 1 8 |g volume:24  |g year:1996  |g number:3  |g pages:100-104 
787 0 8 |i Rezension von  |a Holländer, Hans, 1932 - 2017  |t Die Disparates und Die Giganten  |d Tübingen : Klöpfer und Meyer, 1995  |h 178 S.  |w (DE-627)278426565  |w (DE-576)04744147X  |z 3980324087 
856 4 0 |u http://nbn-resolving.de/urn:nbn:de:bsz:16-kb-109106  |x Verlag  |x Resolving-System  |z kostenfrei  |3 Volltext  |7 0 
856 4 0 |u http://dx.doi.org/10.11588/kb.1996.3.10910  |x Verlag  |x Resolving-System  |z kostenfrei  |3 Volltext  |7 0 
935 |h SWB  |i ld 
951 |a AR 
994 |u https://ahnp.ub.uni-heidelberg.de/journals/kb/article/view/10910 
994 |u https://ahnp.ub.uni-heidelberg.de/journals/kb/article/view/10910/4773 
990 |a Goya y Lucientes, Francisco José de / Disparates 
990 |a Goya y Lucientes, Francisco José de / Der Koloss 
990 |a Goya y Lucientes, Francisco José de / Der sitzende Koloss 
991 |a Rezension (Monographie, Zeitschrift, Aufsatz) 
999 |a KXP-PPN1468388967  |e 4002783596